000 00716cam a2200193 a 4500
001 000006441
005 20200929153930.0
008 850107s1983 cl a 001 0 spa
040 _aDO-SdBNP
_bspa
_cBNPHU
082 _a910.453
_bL351t
100 1 _aLatcham, Ricardo Eduardo,
_d1869-1942
_917883
245 1 3 _aEl tesoro de los piratas de Guayacán :
_brelación verídica /
_cRicardo E. Latcham.
260 _aSantiago de Chile :
_bAndrés Bello,
_c1983.
300 _a151 p. :
_bil. ;
_c19 cm.
490 1 _aBiblioteca Andrés Bello
_vno. 63
650 4 _aTesoros ocultos
_zBahía De Guayacán (Chile{Rpara}
_917884
650 4 _aArqueología latinoamericana
_917885
830 0 _aBiblioteca Andrés Bello ;
_vno. 63
_93963
999 _c6236
_d6236